LIBRARY & INFORMATION CENTRE, KCAET, TAVANUR

ONLINE PUBLIC ACCESS CATALOGUE (OPAC)

Steel structures: design and practice (Record no. 14084)

MARC details
000 -LEADER
fixed length control field 00283nam a22001097a 4500
020 ## - INTERNATIONAL STANDARD BOOK NUMBER
ISBN 9780198068815
082 ## - DEWEY DECIMAL CLASSIFICATION NUMBER
Classification number 624.1821
Item number SUB/ST
100 ## - MAIN ENTRY--AUTHOR NAME
Personal name Subramanian, N
245 ## - TITLE STATEMENT
Title Steel structures: design and practice
260 ## - PUBLICATION, DISTRIBUTION, ETC. (IMPRINT)
Place of publication New Delhi
Name of publisher Oxford university Press
Year of publication 2012
942 ## - ADDED ENTRY ELEMENTS (KOHA)
Koha item type Books
Holdings
Withdrawn status Lost status Damaged status Collection code Home library Current library Shelving location Date acquired Source of acquisition Cost, normal purchase price Full call number Accession Number Koha item type
        KAUAET KAUAET General Stacks 30/03/2013 Aman Book Stall, Calicut 325.00 624.1821 SUB/ST 24125 Books
free website counter